<?xml version="1.0" encoding="UTF-8"?>
<record
    xmlns:xsi="http://www.w3.org/2001/XMLSchema-instance"
    xsi:schemaLocation="http://www.loc.gov/MARC21/slim http://www.loc.gov/standards/marcxml/schema/MARC21slim.xsd"
    xmlns="http://www.loc.gov/MARC21/slim">

  <leader>00952nam a22002177a 4500</leader>
  <controlfield tag="005">20171129122504.0</controlfield>
  <datafield tag="010" ind1=" " ind2=" ">
    <subfield code="a">UR-9874</subfield>
  </datafield>
  <datafield tag="020" ind1="6" ind2=" ">
    <subfield code="c">35.00</subfield>
  </datafield>
  <datafield tag="035" ind1=" " ind2=" ">
    <subfield code="a">U-8429</subfield>
  </datafield>
  <datafield tag="037" ind1=" " ind2=" ">
    <subfield code="b">DBAD/PUB</subfield>
  </datafield>
  <datafield tag="082" ind1=" " ind2=" ">
    <subfield code="a">330</subfield>
  </datafield>
  <datafield tag="100" ind1=" " ind2=" ">
    <subfield code="a">&#x67E;&#x631; &#x648; &#x641;&#x6CC;&#x633;&#x631; &#x633;&#x6CC;&#x62F; &#x645;&#x633;&#x639;&#x648; &#x62F; &#x627; &#x62D;&#x645;&#x62F;</subfield>
  </datafield>
  <datafield tag="245" ind1=" " ind2=" ">
    <subfield code="a"> &#x645;&#x627; &#x62D;&#x648; &#x644;&#x6CC;&#x627; &#x62A;&#x6CC; &#x628;&#x62D;&#x631; &#x627; &#x646; :&#x627; &#x633;&#x628;&#x627; &#x628;  &#x648; &#x639;&#x644;&#x627; &#x62C;    </subfield>
    <subfield code="c">&#x67E;&#x631; &#x648; &#x641;&#x6CC;&#x633;&#x631; &#x633;&#x6CC;&#x62F; &#x645;&#x633;&#x639;&#x648; &#x62F; &#x627; &#x62D;&#x645;&#x62F;   </subfield>
  </datafield>
  <datafield tag="246" ind1=" " ind2=" ">
    <subfield code="b">                                                                                                                                       </subfield>
    <subfield code="a">Mahoolyati Bohiran Asbab-o-Elaj</subfield>
  </datafield>
  <datafield tag="250" ind1=" " ind2=" ">
    <subfield code="a">by Prof.Sayyid Masood Ahmad</subfield>
  </datafield>
  <datafield tag="260" ind1=" " ind2=" ">
    <subfield code="a"> &#x646;&#x626;&#x6CC;  &#x62F; &#x644;&#x6CC;            </subfield>
    <subfield code="b">Merkazi  Maktaba Islami Publishers</subfield>
    <subfield code="c">2011</subfield>
  </datafield>
  <datafield tag="270" ind1=" " ind2=" ">
    <subfield code="a">D307,Dawat Nagar,Abul Fazal Enclave,Jamia Nagar ,</subfield>
    <subfield code="b"> New  Delhi </subfield>
    <subfield code="e">110025</subfield>
    <subfield code="k">01126971652</subfield>
    <subfield code="l">-</subfield>
  </datafield>
  <datafield tag="300" ind1=" " ind2=" ">
    <subfield code="a">87&#x635;</subfield>
    <subfield code="c">22 Cm.(B.b)     </subfield>
  </datafield>
  <datafield tag="500" ind1=" " ind2=" ">
    <subfield code="a">&#x62F;&#x648; &#x62D;&#x635;&#x6C1;</subfield>
  </datafield>
  <datafield tag="942" ind1=" " ind2=" ">
    <subfield code="2">ddc</subfield>
    <subfield code="c">UR</subfield>
    <subfield code="h">330</subfield>
    <subfield code="m">&#x633; &#x6CC; &#x62F;      </subfield>
    <subfield code="e"> </subfield>
  </datafield>
  <datafield tag="999" ind1=" " ind2=" ">
    <subfield code="c">147091</subfield>
    <subfield code="d">147091</subfield>
  </datafield>
  <datafield tag="952" ind1=" " ind2=" ">
    <subfield code="0">0</subfield>
    <subfield code="1">0</subfield>
    <subfield code="4">0</subfield>
    <subfield code="7">1</subfield>
    <subfield code="8">NFIC</subfield>
    <subfield code="a">DBAD</subfield>
    <subfield code="b">DBAD</subfield>
    <subfield code="d">2017-11-02</subfield>
    <subfield code="e">DBAD/PUB.</subfield>
    <subfield code="g">35.00</subfield>
    <subfield code="l">0</subfield>
    <subfield code="o">330 &#x633; &#x6CC; &#x62F;</subfield>
    <subfield code="p">U-8429</subfield>
    <subfield code="r">2017-11-02 00:00:00</subfield>
    <subfield code="t">1</subfield>
    <subfield code="v">35.00</subfield>
    <subfield code="w">2017-11-02</subfield>
    <subfield code="y">UR</subfield>
  </datafield>
</record>
